000
00313nam a22001337a 4500
008
171023b xxu||||| |||| 00| 0 eng d
020
_a
9789951437202
041
_a
alb
080
_a
338
100
_a
54
101
_a
MEN
245
_a
(S)AMUND T'I BESOHET LIDERSHIPIT TË KOSOVËS?
_c
BEQAJ.B
942
_2
udc
_c
BK
999
_c
35349
_d
35349